| 000 | 00333cam a22001097a 4500 | ||
|---|---|---|---|
| 008 | 180718b1978 xxu||||| |||| 00| 0 eng d | ||
| 082 | _aN4x54 In2g | ||
| 245 |
_aNational police comission questionnaire _cby Ministry of Home Affairs |
||
| 260 |
_aNew Delhi _bCRPF Press _c1978 |
||
| 300 | _a18p. | ||
| 700 | _aIndia.Ministry of Home Affairs | ||
| 999 |
_c493914 _d493914 |
||